Tacaloa, viento y sueños (Record no. 59859)
[ view plain ]
| 000 -LEADER | |
|---|---|
| campo de control de longitud fija | 00834cam a2200253 a 4500 |
| 003 - IDENTIFICADOR DE NÚMERO DE CONTROL | |
| campo de control | OSt |
| 005 - FECHA Y HORA DE LA ÚLTIMA TRANSACCIÓN | |
| campo de control | 20240829035032.0 |
| 008 - DATOS DE LONGITUD FIJA--INFORMACIÓN GENERAL | |
| campo de control de longitud fija | 161024s2011 ck ||||gr|||| 000 f spa d |
| 020 ## - NÚMERO INTERNACIONAL ESTÁNDAR DEL LIBRO | |
| Número Internacional Estándar del Libro | 9789584490389 |
| 040 ## - FUENTE DE CATALOGACIÓN | |
| Lengua de catalogación | spa |
| Centro catalogador/agencia de origen | CO-PeBPR |
| Normas de descripción | rda |
| Centro/agencia transcriptor | CO-PeBPR |
| 041 ## - CÓDIGO DE IDIOMA | |
| Código de lengua del texto/banda sonora o título independiente | spa |
| 082 04 - NÚMERO DE LA CLASIFICACIÓN DECIMAL DEWEY | |
| Número de clasificación | 868.6 |
| Número de ítem | G187t |
| 100 1# - ENTRADA PRINCIPAL--NOMBRE DE PERSONA | |
| 9 (RLIN) | 49004 |
| Nombre de persona | Gamba López, Guillermo. |
| 245 1# - MENCIÓN DEL TÍTULO | |
| Título | Tacaloa, viento y sueños |
| Mención de responsabilidad, etc. | Guillermo Gamba Lóp̤ez |
| 260 ## - PUBLICACIÓN, DISTRIBUCIÓN, ETC. | |
| Lugar de publicación, distribución, etc. | Pereira |
| Nombre del editor, distribuidor, etc. | Guillermo Gamba Lóp̤ez |
| Fecha de publicación, distribución, etc. | 2011 |
| 300 ## - DESCRIPCIÓN FÍSICA | |
| Extensión | 172 páginas, |
| Dimensiones | 22 cm |
| 336 ## - TIPO DE CONTENIDO | |
| Fuente | rdacontent |
| Término de tipo de contenido | txt |
| 337 ## - TIPO DE MEDIO | |
| Fuente | rdamedia |
| Nombre/término del tipo de medio | n |
| 338 ## - TIPO DE SOPORTE | |
| Fuente | rdacarrier |
| Nombre/término del tipo de soporte | nc |
| 500 ## - NOTA GENERAL | |
| Nota general | Incluye datos biográficos del autor |
| 650 #0 - PUNTO DE ACCESO ADICIONAL DE MATERIA--TÉRMINO DE MATERIA | |
| 9 (RLIN) | 1089 |
| Término de materia o nombre geográfico como elemento de entrada | Relatos |
| Subdivisión general | Vida Cotidiana |
| Subdivisión geográfica | Marsella (Risaralda, Colombia ) |
| 650 #0 - PUNTO DE ACCESO ADICIONAL DE MATERIA--TÉRMINO DE MATERIA | |
| Término de materia o nombre geográfico como elemento de entrada | Novela Colombiana |
| 9 (RLIN) | 24792 |
| 942 ## - ELEMENTOS DE ENTRADA SECUNDARIOS (KOHA) | |
| Fuente del sistema de clasificación o colocación | Clasificación Decimal Dewey |
| Parte de la signatura que corresponde a la clasificación (Parte de la clasificación) | 868.6 G187t |
| Prefijo de la signatura | 868.6 |
| Sufijo de la signatura | G187t |
| Tipo de ítem Koha | Libros |
| Estatus retirado | Estado de pérdida | Fuente del sistema de clasificación o colocación | Estado de daño | No para préstamo | Colección | Biblioteca de origen | Biblioteca actual | Ubicación en estantería | Fecha de adquisición | Total de préstamos | Signatura topográfica completa | Código de barras | Visto por última vez | Copia número | Precio de reemplazo | Tipo de ítem Koha |
|---|---|---|---|---|---|---|---|---|---|---|---|---|---|---|---|---|
| Clasificación Decimal Dewey | Local | BIBLIOTECA HUGO ANGEL JARAMILLO | BIBLIOTECA HUGO ANGEL JARAMILLO | 27/03/2024 | 868.6 G187t | CUB04 - 1025 | 27/03/2024 | Ej. 1 | 27/03/2024 | Libros | ||||||
| Clasificación Decimal Dewey | Local | BIBLIOTECA HUGO ANGEL JARAMILLO | BIBLIOTECA HUGO ANGEL JARAMILLO | 08/04/2024 | 868.6 G187t Ej. 2 | CUB04 - 1042 | 08/04/2024 | Ej. 2 | 08/04/2024 | Libros |